000 01396cam a2200337 i 4500
001 15139359
003 EG-ScBUE
005 20250701100155.0
008 080111s2007 enka f b 001 0 eng d
020 _a0521880238
020 _a9780521880237
035 _a(OCoLC)ocn154682298
040 _aUKM
_beng
_erda
_cUKM
_dBTCTA
_dBAKER
_dYDXCP
_dC#P
_dIXA
_dDLC
_dEG-ScBUE
082 0 4 _a539.725
_222
_bAIT
100 1 _aAitchison, Ian Johnston Rhind,
_d1936-
_eauthor.
_922987
245 1 0 _aSupersymmetry in particle physics :
_ban elementary introduction /
_cIan J. R. Aitchison.
264 1 _aCambridge ;
_aNew York :
_bCambridge University Press,
_c2007.
300 _axiii, 222 pages :
_billustrations ;
_c26 cm
336 _2rdacontent
_atext
_btxt
337 _aunmediated
_2rdamedia
_bn
338 _avolume
_bnc
_2rdacarrier
504 _aIncludes bibliographical references and index.
650 7 _aSupersymmetry.
_2BUEsh
_922988
653 _cApril2011
655 _vReading book
856 4 2 _3Contributor biographical information
_uhttp://www.loc.gov/catdir/enhancements/fy0808/2008270052-b.html
856 4 2 _3Publisher description
_uhttp://www.loc.gov/catdir/enhancements/fy0808/2008270052-d.html
856 4 1 _3Table of contents only
_uhttp://www.loc.gov/catdir/enhancements/fy0808/2008270052-t.html
942 _2ddc
_cBB
999 _c15093
_d15093